000 01078nam a2200241 a 4500
005 20180803165600.0
008 121126s2011 ck a gr 000 0dspa d
015 _ack-2011-xxxx
020 _a9789588491387
040 _aCO-BoIAVH
_cCO-BoIAVH
041 0 _aspa
044 _ack
082 0 4 _a333.72
_bC71p
110 2 _aColombia
_bMinisterio de Ambiente, Vivienda y Desarrollo Territorial
_992336
245 1 0 _aPolítica nacional de producción y consumo :
_bHacia una cultura de consumo sostenible y transformación productiva /
_cMinisterio de Ambiente, Vivienda y Desarrollo Territorial ; coordinación Elmer Cardozo Guzmán.
260 _aBogotá
_bMinisterio de Ambiente, Vivienda y Desarrollo Territorial. Viceministerio de Ambiente
_c2011
300 _a71 p.
_bFot., tablas, gráficas
_c28 cm.
504 _aIncluye referencias bibliográficas (pag 48-49)
650 4 _aDesarrollo sostenible
_z Colombia.
_932145
650 4 _aDesarrollo humano
_z Colombia.
_932146
650 4 _aDesarrollo sostenible
_x Aspectos económicos
_z Colombia.
_932147
942 _2ddc
_cLIBRO
999 _c8601
_d8601